|
|
|
|
| LEADER |
00713nab#a2200289#ar4500 |
| 001 |
000090302 |
| 003 |
SVKKK |
| 005 |
20080701134224.0 |
| 008 |
060831c1993 xo e slo |
| FMT |
|
|
|
| 015 |
|
|
|a SNBBR2008/06
|
| 038 |
|
|
|a SVKKK
|
| 040 |
|
|
|a SVKKK
|b slo
|e AACR2
|
| 041 |
0 |
|
|a slo
|
| 044 |
|
|
|a xo
|c SK
|
| 080 |
|
|
|a 792.2
|2 1997
|
| 080 |
|
|
|a 398.332.41
|2 1997
|
| 245 |
1 |
0 |
|a Betlehem v divadle
|b vianoce klopú na dvere
|c [autor] (ats)
|
| 610 |
2 |
4 |
|a Štátne divadlo (Košice, Slovensko)
|x predstavenia
|x vianočné zvyky
|
| 773 |
0 |
|
|t Lúč
|g Roč. 2, č. 275 (25.11.1993), s. 3
|
| 957 |
|
|
|a 802
|
| 958 |
|
|
|a RK
|
| 974 |
|
|
|a Fav
|
| 992 |
|
|
|a RBX
|
| BAS |
|
|
|
| 852 |
|
|
|a SVKKK
|b BIB
|
| 998 |
|
|
|a REG
|